Der Archipel GULAG

Saved in:
Bibliographic Details
Main Author: Solzhenitsyn, Aleksandr Isaevich 1918-
Other Authors: Peturning, Anna (Translator)
Format: Book
Language:German
Russian
Published: Bern : Scherz, c1974
Subjects:
Tags: Add Tag
No Tags, Be the first to tag this record!

MARC

LEADER 00000cam a2200000 i 4500
001 1/35108
008 061004s1974 ger d
035 |l 10085422 
040 |a GR-MY-UA  |b gre  |e aacr 
041 0 |a ger  |h rus 
082 0 |a 365.450947  |2 (22) 
100 1 |a Solzhenitsyn, Aleksandr Isaevich  |d 1918- 
245 1 4 |a Der Archipel GULAG /  |c Alexander Solschenizyn ; Ubersetzung aus dem Russischen von Anna Peturnig 
260 |a Bern :   |b Scherz,   |c c1974 
300 |a 607 σ.;  |c 22 εκ. 
504 |a Περιλαμβάνει βιβλιογραφικές αναφορές 
610 2 0 |a GULag NKVD. 
650 0 0 |a Prisons  |z Soviet Union. 
650 0 0 |a Political prisoners  |z Soviet Union. 
650 0 0 |a Concentration camps  |z Soviet Union. 
700 1 |a Peturning, Anna.  |4 trl 
852 |a INST  |b CHIOS  |e 20061004  |h 365.450947 SOL  |p 005200027108  |q 005200027108  |t BK  |y 0 
901 |a BIBL2-2006-3 
909 |a Χ  |b 016230 
970 |a ΒΑΣΙΛΑΚΗ  |b ΝΙΚΗ  |z 2006/10/04